00734nam a2200193 a 450000100100000000500170001000800410002702000150006804000250008308200150010810000430012324502020016626000470036830000280041549000140044370000330045770000360049083000140052600002462820200930023257.0110127s1998 cu a r 000 | spa d a9592190518 aDO-SdBNPbspacBNPHU axxxbM386s1 aMartínez de Osaba y Goenaga, Juan A.13aEl Señor Pelotero :b50 testimonios: narrativa /cJuan A. Martínez de Osaba y Goenaga; prólogo Héctor Rodríguez; colaboradores Ramón Manuel Leal Gómez, Carmen Julia González Ferrer. aPinar del Río :bHermanos Loynaz,c1998. a196 p. :bil. ;c21 cm. aEl Fausto1 aLeal Gómez, Ramón Manuel1 aGonzález Ferrer, Carmen Julia 3aEl Fausto